[Event "Aeroflot Open 2017"]
[Site "Moscow"]
[Date "2017.02.27"]
[Round "7"]
[White "Firouzja, Alireza"]
[Black "Bluebaum, Matthias"]
[Result "1-0"]
[WhiteElo "2465"]
[BlackElo "2632"]
[Annotator "TA"]
[PlyCount "83"]
[EventDate "2017.??.??"]

1. e4 c6 2. d4 d5 3. e5 {??.} Bf5 4. Nf3 e6 5. c3 Ne7 6. Be2 Ng6 7. h4 h5 8.
Ng5 f6 9. exf6 gxf6 10. Nh3 Kd7 ({Reject} 10... Nxh4 $6 11. Nf4 $16 (11. Bxh5+
Kd7 $11)) 11. Nf4 Nxf4 $1 12. Bxf4 Qe8 (12... Qb6 $11 {keeps the balance.}) 13.
c4 dxc4 14. Bxc4 Qg6 15. Qb3 b5 16. O-O (16. Nc3 $1 $14) 16... Rg8 $11 17. g3
Qg4 $1 $36 {Black has some pressure.} 18. Re1 {White wants to play Nc3.} Bb4 $2
(18... a5 $1 $17 {keeps the pressure on. Strongly threatening ...Bb4.} 19. Bxb8
Bb4) 19. Bxe6+ ({Better is} 19. Qxb4 Qxf4 20. Bf1) 19... Bxe6 $16 20. Rxe6 ({
Weaker is} 20. Qxb4 Qxf4 21. Rxe6 Rxg3+ 22. Kf1 Kxe6 $17) 20... Qxe6 21. Qxb4
Na6 {[#]} 22. Qd2 ({White should play} 22. Qa3 $1 $16 Nc7 23. Nc3) 22... Rae8
$11 {aiming for ...Qe1+.} 23. Nc3 Nc7 $1 24. d5 Nxd5 ({But not} 24... cxd5 $2
25. Rc1 $18) 25. Nxd5 Qxd5 26. Qc2 $1 {Hoping for Rd1.} Kc8 {White must now
prevent ...Re4.} 27. Rd1 Qf3 $2 (27... Qe4 $11 28. Qc5 Qxf4 29. Qxc6+ Qc7 30.
Qa8+ Qb8 31. Qc6+ Qc7 32. Qa8+ Qb8 33. Qc6+ Qc7) 28. Qf5+ $18 Kb7 {[#]} 29.
Rd7+ $1 Ka8 {[#] ( -> ...Re1+)} 30. Rxa7+ $1 Kxa7 {[#]} 31. Bb8+ $1 Kxb8 32.
Qxf3 {Endgame KQ-KRR} Re6 33. Qxh5 Rge8 34. Qf7 {White is clearly winning.}
R8e7 35. Qg6 Kb7 36. h5 Kb6 37. g4 c5 (37... Re8 $142 38. h6 Rf8) 38. h6 f5 {
[#]} 39. gxf5 $1 Rxg6+ 40. fxg6 Re6 41. g7 Rg6+ 42. Kf1 1-0

[Event "Aeroflot Open 2017"]
[Site "Moscow"]
[Date "2017.02.27"]
[Round "7"]
[White "Abdusattorov, Nodirbek"]
[Black "Vavulin, Maksim"]
[Result "0-1"]
[WhiteElo "2429"]
[BlackElo "2604"]
[Annotator "TA"]
[PlyCount "110"]
[EventDate "2017.??.??"]

1. e4 e5 2. Nf3 Nc6 3. Bb5 {??.} a6 4. Ba4 d6 5. Bxc6+ bxc6 6. d4 f6 7. Nc3 g6
8. Be3 Nh6 9. Qe2 Bg7 10. O-O-O Nf7 11. h4 Bg4 12. h5 $36 {White fights for an
advantage.} gxh5 13. Qc4 Qd7 14. Rd2 a5 ({Better is} 14... Rb8 $14) 15. d5 $16
c5 16. Nh2 Qc8 17. Nxg4 Qxg4 18. f3 Qg6 19. Nb5 Kd8 20. Qa4 Ra6 (20... Bh6 $1
$14 21. Bxh6 Qxh6) 21. Rd3 (21. Kb1 $16) 21... Bh6 $14 (21... Qxg2 $2 22. Rg1
Qh3 23. Rxg7 $18) 22. Bxh6 Nxh6 (22... Qxg2 $2 23. Rdd1 (23. Rxh5 Nxh6 24. b3
Nf7 $11) 23... Rg8 24. Bd2 $18 (24. Rxh5 Nxh6 25. Qa3 Nf7 $14)) 23. Rb3 {
Threatens to win with Nxd6!} Qxg2 24. Rd1 {Black must now prevent Nxd6!} Qg7 (
24... Rg8 $1 $11) 25. Na3 {White has compensation.} Rg8 (25... Rb6 $16) 26.
Rb8+ $1 $18 Ke7 27. Rb7 Rc8 $2 (27... Kd8 $16 {is a better defense.} 28. Nb5
Rb6 29. Nxc7 Qg5+ 30. Kb1 Rxb7 31. Ne6+ Ke7 32. Nxg5 fxg5) 28. Qb5 Raa8 29. Nc4
$2 (29. Qc6 $1 $18 Kf8 30. Nb5) 29... Kf8 $1 $11 30. Nxd6 Qg5+ 31. f4 $1 Qxf4+
32. Kb1 $2 {[#]} (32. Rd2 $1 $11 {and White has nothing to worry.} cxd6 33. Qd7
) 32... Qg4 $1 $19 ({Inferior is} 32... cxd6 33. Qd7 Qg5 34. Qe7+ (34. Qxd6+ $2
Kg8 35. Qe7 Qg6 $19) (34. Qxh7 f5 $11) 34... Kg8 35. Qxh7+ Kf8 36. Qe7+ Kg8 37.
Qh7+ Kf8 38. Qe7+ Kg8 39. Qh7+ $11) 33. Rf1 cxd6 34. Rxf6+ Kg8 35. a3 {[#]} Qg5
$1 36. Rxd6 Rd8 37. Re6 Nf7 {And now ...Nd6 would win.} 38. Qxc5 Rac8 (38... h4
$19 {aiming for ...h3.} 39. Ree7 Rf8) 39. Rc6 $2 (39. Qb6 $17 Rf8 40. Rf6)
39... Qg4 40. Qe7 Rf8 41. Ka2 (41. Rxc8 $142 Qxc8 42. d6) 41... Rce8 42. Qc7 h4
43. Rb3 $2 (43. Rf6 Qxe4 44. Qxa5) 43... a4 44. Rd3 Rc8 45. Qe7 (45. Qa5 {
might work better.}) 45... h3 {Black is clearly winning.} 46. Rf6 h2 47. Rf1
Ng5 48. Rh1 Rce8 49. Qb4 Qg2 50. Rdd1 Nh3 51. d6 Nf2 52. d7 Rd8 53. Qd2 Kh8 54.
Ka1 Qg3 55. Rdf1 Rf6 0-1

[Event "Aeroflot Open 2017"]
[Site "Moscow"]
[Date "2017.02.28"]
[Round "8"]
[White "Yu, Yangyi"]
[Black "Iturrizaga Bonelli, Eduardo"]
[Result "1-0"]
[WhiteElo "2738"]
[BlackElo "2652"]
[Annotator "TA"]
[PlyCount "67"]
[EventDate "2017.??.??"]

1. e4 c6 2. d4 d5 3. e5 Bf5 4. Nf3 e6 5. Be2 Ne7 6. c3 Nc8 7. O-O Be7 8. Be3
O-O 9. Nbd2 a5 10. Ne1 a4 11. Bd3 Bxd3 12. Nxd3 Nd7 13. Qg4 {Hoping for Bh6.}
f5 14. exf6 Rxf6 15. Nf4 Nf8 16. Nf3 Nd6 17. Ne5 $40 {Threatens to win with
Nh5. White mounts an attack.} Rf5 18. Nh5 {[#]} Bf6 19. Ng3 Rxe5 20. dxe5 Bxe5
21. Bc5 g6 (21... b6 $14 22. Bd4 Bxd4 23. cxd4 c5) 22. Rfe1 Bg7 23. Qb4 Nb5 24.
c4 dxc4 (24... b6 $16) 25. Rad1 $18 ({Weaker is} 25. Qxc4 Qd5 26. Rac1 Bxb2 $14
) 25... Qf6 26. Qxc4 Qxb2 27. Ne4 Nc3 $2 {[#]} (27... Na3 28. Qd3 Nb5) 28. Bxf8
$1 Rxf8 (28... Kxf8 $142 29. Ng5 Nd5) 29. Rd2 ({Not} 29. Qxe6+ Kh8 $18) 29...
Qa3 30. Qxe6+ Kh8 31. Nd6 {aiming for Nf7+.} Bf6 32. Nf7+ Kg7 33. Rd7 {
Threatening mate with Nd6+.} Qxa2 34. Ng5+ 1-0

[Event "Aeroflot Open 2017"]
[Site "Moscow"]
[Date "2017.02.28"]
[Round "8"]
[White "Vitiugov, Nikita"]
[Black "Artemiev, Vladislav"]
[Result "1-0"]
[WhiteElo "2724"]
[BlackElo "2655"]
[Annotator "TA"]
[PlyCount "77"]
[EventDate "2017.??.??"]

1. e4 c5 2. Nf3 d6 3. d4 cxd4 4. Nxd4 Nf6 5. Nc3 a6 6. Nb3 Nc6 7. Be3 e6 8. g4
{LiveBook: 7 Games} h6 9. h4 b5 10. Bg2 {Strongly threatening e5!The position
is equal.} Ne5 11. g5 Nfd7 12. f4 Nc4 13. Qe2 Nxb2 (13... hxg5 $15 14. fxg5
Nxb2) 14. e5 ({Better is} 14. g6 $1 $11) 14... Rb8 (14... d5 $15 15. g6 Bb4)
15. g6 $11 Nc4 (15... dxe5 $11 16. gxf7+ Kxf7 17. fxe5 Kg8) 16. gxf7+ $14 Kxf7
17. Ba7 $36 {Hoping for f5. White fights for an advantage.} Rb7 18. Bd4 ({
Of course not} 18. Bxb7 Bxb7 19. Rh3 dxe5 20. fxe5 Ba3 $15) 18... Ndb6 19. O-O
(19. Bxb7 $16 Bxb7 20. Rh3) 19... d5 $11 20. Rae1 ({White should try} 20. f5
$11) 20... b4 (20... Qxh4 $15 21. Bf2 Qe7) 21. Nxd5 $1 $14 Nxd5 22. Qxc4 {
f5 is the strong threat.} Rc7 23. Qe2 {Threatens to win with f5!} g6 {[#]} ({
Much weaker is} 23... Qxh4 24. Bxd5 exd5 25. e6+ Kg8 26. Rf2 $16) 24. h5 (24.
Rd1 $1 $16) 24... Rg8 $11 25. Rf2 Nc3 26. hxg6+ Rxg6 (26... Kxg6 $11 {keeps
the balance.} 27. Qd3+ Kg7) 27. Qh5 $16 Kg7 {[#]} (27... Qe8 $16 {was worth a
try.}) 28. Bb6 $1 $18 Bb7 {and if ...Ne4 works, Black does fine.} ({Don't go
for} 28... Nxa2 $2 29. Kh2 Nc3 30. Bf1 $18) 29. Bxc7 Qxc7 30. Kh2 Bxg2 (30...
Qb6 $142 31. Rd2 Nd5) 31. Rxg2 Rxg2+ 32. Kxg2 Nd5 33. Qg4+ Kh7 $2 (33... Kh8
34. Kh1 Qb7) 34. Kh1 Qxc2 $2 (34... Qf7 35. Nd4 Nc7) 35. Qxe6 Qd3 36. Qg4 h5
37. Qxh5+ Bh6 38. Nc5 Qc4 (38... Qg6 $18 39. Qxg6+ Kxg6) 39. Qf7+ 1-0

[Event "Aeroflot Open 2017"]
[Site "Moscow"]
[Date "2017.02.28"]
[Round "8"]
[White "Jobava, Baadur"]
[Black "Khismatullin, Denis"]
[Result "1/2-1/2"]
[WhiteElo "2701"]
[BlackElo "2639"]
[Annotator "TA"]
[PlyCount "189"]
[EventDate "2017.??.??"]

1. d4 Nf6 2. c4 e6 3. Nf3 {??.} d5 4. Nc3 a6 5. c5 b6 6. cxb6 cxb6 7. Bf4 Bd6
8. Ne5 Bb7 9. e3 Nc6 10. Rc1 O-O 11. Bd3 Bxe5 12. Bxe5 Nxe5 13. dxe5 Ne4 14.
O-O Rc8 15. Ne2 Rxc1 16. Qxc1 Nc5 17. Bb1 a5 18. Nd4 Ba6 19. Rd1 Qb8 20. Qc2 {
[#]} g6 21. f4 Ne4 22. Rc1 Rc8 23. Qd1 Rxc1 24. Qxc1 Nc5 25. Qc3 Qf8 26. a3 Qc8
27. Bc2 Nd7 (27... a4 $11) 28. Qxc8+ $14 Bxc8 {Endgame KBN-KBN} 29. Kf2 Kf8 30.
h4 h5 31. g4 hxg4 32. Kg3 Nc5 33. Kxg4 a4 34. Ne2 Bd7 35. Nd4 Be8 36. Kg5 Kg7
37. Ne2 Bd7 38. Nd4 Be8 39. Bb1 Bd7 40. h5 gxh5 41. Kxh5 Bc8 42. Kg5 Ba6 43. f5
Bf1 44. Bc2 Bc4 45. Bd1 Ne4+ 46. Kf4 Nc5 47. Bh5 Bd3 48. fxe6 fxe6 49. Bg4 Kf7
50. Kg5 Be4 51. Be2 Bd3 {next ...Bxe2 is good for Black.} 52. Bd1 Be4 53. Nc6
Bf5 54. Bh5+ Kg7 55. Nd4 Bd3 56. Bg4 Kf7 57. Kh6 Be4 58. Be2 Nd7 59. Bh5+ Kf8
60. Kg5 Nxe5 {With the idea ...Ke7.} 61. Kf6 ({Much weaker is} 61. Nxe6+ Ke7
62. Nd4 Nc4 $17) 61... Nd7+ (61... Nd3 $11 {remains equal.}) 62. Kxe6 $16 Nc5+
63. Ke5 (63. Kd6 $14 Nd3 64. Ne6+ Kg8 65. Ng5) 63... Nd3+ $11 64. Kf6 Kg8 $1 (
64... Nxb2 65. Bf7 Bf5 66. Nxf5 $18) 65. b4 {And now Ne2 would win.} axb3 $1 {
...b2 is the strong threat.} 66. Nxb3 Nb2 67. Nd2 Kf8 68. Be2 Bg2 69. Ke6 Ke8
70. Nb1 Kd8 71. Nc3 Kc7 72. Nxd5+ Kc6 73. Nb4+ Kc5 74. Na6+ Kc6 75. Ke5 b5 76.
Kd4 Kb6 {[#]} 77. Nb4 (77. Nc5 $1 $16) 77... Ka5 $14 78. Nc2 {Black must now
prevent e4.} Na4 79. Bh5 Kb6 (79... Nb6 $11) 80. Bf7 $16 {Strongly threatening
e4.} Nc5 81. Bd5 ({White should play} 81. Nb4 $16) 81... Bxd5 $11 82. Kxd5 {
Hoping for e4. KN-KN} Nd3 (82... Na4 $1 $14) 83. e4 $2 (83. Nd4 $18) 83... Ka5
{The position is equal.} 84. Kd4 Nf4 85. e5 {Threatens to win with Ke4.} Ka4 $1
86. Ke4 Ne6 $1 87. Kd5 Nf4+ 88. Kc6 Ne6 89. Kd5 Nf4+ 90. Ke4 Ne6 $1 91. Kd3
Nf4+ 92. Kd2 Kb3 93. Ke3 Ng6 94. Nd4+ Kxa3 95. Nxb5+ 1/2-1/2

[Event "Aeroflot Open 2017"]
[Site "Moscow"]
[Date "2017.02.28"]
[Round "8"]
[White "Adhiban, B."]
[Black "Tran, Tuan Minh"]
[Result "1-0"]
[WhiteElo "2682"]
[BlackElo "2491"]
[Annotator "TA"]
[PlyCount "45"]
[EventDate "2017.??.??"]

1. e4 c5 2. Nc3 d6 3. f4 g6 4. Nf3 Bg7 5. Bb5+ Bd7 6. Bc4 Nc6 7. O-O Na5 8. Be2
e6 {LiveBook: 3 Games} 9. e5 Bc6 10. Nb5 Bxb5 {White is slightly better.} 11.
Bxb5+ Nc6 $1 12. Bxc6+ bxc6 13. d3 Ne7 14. Be3 O-O 15. Kh1 Nd5 16. Bd2 Qb8 17.
c4 Ne7 18. Bc3 Rd8 {[#]} 19. g4 $1 a5 20. a4 Ra7 21. Qe2 h6 22. Qe3 Kh7 (22...
d5 $14) 23. Rad1 1-0

[Event "Aeroflot Open 2017"]
[Site "Moscow"]
[Date "2017.02.28"]
[Round "8"]
[White "Sasikiran, Krishnan"]
[Black "Kraemer, Martin"]
[Result "1-0"]
[WhiteElo "2674"]
[BlackElo "2571"]
[Annotator "TA"]
[PlyCount "183"]
[EventDate "2017.??.??"]

1. e4 e5 2. Nf3 Nc6 3. Bb5 a6 4. Ba4 Nf6 5. O-O Be7 6. Re1 b5 7. Bb3 d6 8. c3
O-O 9. h3 Nb8 10. d4 Nbd7 11. Nbd2 Bb7 12. Bc2 Re8 13. Nf1 Bf8 14. Ng3 g6 15.
b3 Bg7 16. d5 {LiveBook: 209 Games} Nb6 17. Rb1 c6 18. c4 $1 {The position is
equal.} Qc7 19. Bd3 Nbd7 20. Bg5 Nc5 21. Rc1 b4 22. Bc2 a5 23. Qd2 cxd5 24.
cxd5 Ba6 25. Be3 Nfd7 26. Nh2 h5 27. Ngf1 Qd8 28. g4 hxg4 29. hxg4 Rc8 30. Ng3
Qe7 31. Kg2 Rc7 32. Rh1 Rec8 33. Bb1 a4 34. bxa4 (34. Qxb4 axb3 35. axb3 Rb7
$15) 34... b3 35. Nf3 Rb8 36. Bh6 Qf8 37. Bxg7 Qxg7 38. Rh4 $2 (38. Rc3 $1 $14
{stays ahead.}) 38... b2 $2 ({Black should try} 38... Rcb7 $1 $17 39. a3 b2)
39. Rch1 $14 Nf8 40. a5 Na4 41. g5 $1 f6 42. gxf6 Qxf6 43. Rg4 $1 {Hoping for
Nh5.} Rh7 44. Rxh7 Kxh7 (44... Nxh7 $2 45. Qh6 g5 46. Rxg5+ Kh8 47. Rg6 $18)
45. Ng5+ Kg8 {[#]} 46. Ne6 $1 {Threatens to win with Qh6.} Bc8 (46... Nxe6 $2
47. dxe6 Qxe6 48. Nf5 $18) 47. a6 (47. Nh5 $1 $16 Qe7 48. Qh6 Bxe6 49. dxe6)
47... Bxe6 (47... Nxe6 $2 48. a7 Ra8 49. dxe6 Bxe6 50. Qxd6 $18) (47... Bxa6 $2
48. Qh6 Bc8 49. Nh5 $18) 48. dxe6 Qxe6 (48... Nxe6 $2 49. Nh5 Qf8 50. Rxg6+ Kh7
51. Rf6 (51. Rxe6 Qg8+ 52. Ng7 Qxg7+ 53. Kf1 Rc8 $11) 51... Qg8+ 52. Ng3 $18)
49. Nf5 $1 $36 {Black is under strong pressure.} Kf7 (49... Nc5 $16) 50. Qa5 (
50. Qxd6 $6 Qxd6 51. Nxd6+ Ke7 $16) ({Better is} 50. Nxd6+ $18 Ke7 51. Nf5+ Kf7
52. Qa5) 50... Nc5 $1 (50... gxf5 $2 51. exf5 Qd7 52. a7 (52. Qxa4 Qxa4 53.
Rxa4 Nd7 $16) 52... Qb7+ 53. Be4 $18) 51. Qc7+ Nfd7 52. a7 Ra8 53. Ne3 $1 d5 $2
(53... Qe8 $16) 54. exd5 $18 Qb6 {[#]} 55. Qc6 $1 (55. Bxg6+ Qxg6 56. Rxg6 b1=Q
$11) 55... Qxc6 (55... Rxa7 $2 56. Bxg6+ Ke7 57. Qc8 $18) 56. dxc6 Nb6 $2 (
56... Rxa7 $2 57. cxd7 Rxd7 58. Nc4 $18) (56... Nf6 {is a better defense.}) 57.
Nc4 $2 ({Not} 57. Bxg6+ Ke6 $16) ({Weaker is} 57. Rxg6 Rxa7 58. Rh6 Ra8 $16) (
57. Rb4 Nca4 58. Nd1) 57... Nc8 58. Nxb2 Rxa7 59. Nc4 Ne7 60. Nxe5+ Ke6 61. Nd3
Nxd3 62. Bxd3 {Endgame KRB-KRN} Kd6 63. a4 Kxc6 64. Bxg6 Kc5 ({Don't play} 
64... Nxg6 65. Rxg6+ Kc5 {[#]} 66. a5 $1 $18) 65. Bd3 Nd5 66. Bb5 Kd6 67. Kg3
Ke5 68. f3 Nc3 69. Kf2 Nd5 70. Rc4 Nb6 71. Re4+ Kd6 72. f4 Nd5 73. Kf3 Rh7 74.
Rd4 {Strongly threatening Bd3.} Kc5 75. Rc4+ Kb6 76. Rc6+ Ka5 77. Ke4 Nxf4 (
77... Ne7 $18 78. Ra6+ Kb4) 78. Kxf4 {KRB-KR. White mates.} Rh4+ 79. Ke5 Rh5+
80. Kd6 Rh6+ 81. Kc7 Rh7+ 82. Kb8 Rh8+ 83. Kb7 Rh7+ 84. Rc7 Rh5 85. Bd7 Rg5 86.
Rc1 Rh5 87. Kc7 Re5 88. Rb1 Rc5+ 89. Bc6 Rc3 90. Rb8 Ra3 91. Ra8+ Kb4 92. Kb6
1-0

[Event "Aeroflot Open 2017"]
[Site "Moscow"]
[Date "2017.02.28"]
[Round "8"]
[White "Smirin, Ilia"]
[Black "Jumabayev, Rinat"]
[Result "1/2-1/2"]
[WhiteElo "2670"]
[BlackElo "2611"]
[Annotator "TA"]
[PlyCount "59"]
[EventDate "2017.??.??"]

1. e4 c5 2. Nf3 d6 3. d4 cxd4 4. Nxd4 Nf6 5. Nc3 a6 6. Nb3 e6 7. g4 b5 8. Bg2
Bb7 9. g5 Nfd7 {LiveBook: 5 Games} 10. f4 (10. O-O $11) 10... h6 $15 11. h4
hxg5 {Black is slightly better.} 12. hxg5 Rxh1+ 13. Bxh1 b4 14. Ne2 a5 15. Be3
Nb6 16. Bxb6 Qxb6 17. g6 Qe3 ({Better is} 17... Nc6 $15 18. Qd2 a4) 18. Qd3
Qxd3 19. gxf7+ Kxf7 20. cxd3 a4 21. Nbd4 Na6 22. Kd2 {The position is equal.}
Nc5 23. e5 Bxh1 24. Rxh1 dxe5 25. fxe5 Rd8 26. Rh3 Be7 27. Rf3+ Ke8 28. Rg3 Kf7
29. Nc6 Ne4+ 30. Ke3 1/2-1/2

[Event "Aeroflot Open 2017"]
[Site "Moscow"]
[Date "2017.02.28"]
[Round "8"]
[White "Kamsky, Gata"]
[Black "Tari, Aryan"]
[Result "1-0"]
[WhiteElo "2669"]
[BlackElo "2596"]
[Annotator "TA"]
[PlyCount "65"]
[EventDate "2017.??.??"]

1. g3 d5 2. Bg2 g6 3. f4 Bg7 4. Nf3 Nf6 5. O-O O-O 6. d3 c5 7. c3 Nc6 8. Na3
Qc7 {LiveBook: 5 Games} 9. Qc2 e5 10. Nxe5 Nxe5 {The position is equal.} 11.
Nb5 Qb6 $1 12. fxe5 Ng4 13. Na3 Be6 14. Qb3 Qxb3 ({Better is} 14... Bxe5 $11
15. Nc2 Qc6) 15. axb3 $14 Nxe5 16. Nb5 $36 {White has some pressure.} Nc6 17.
Bf4 a6 18. Nc7 $1 Rad8 19. Be3 d4 20. Nxe6 fxe6 21. Bd2 Rxf1+ 22. Kxf1 Rc8 23.
Be4 Kf7 24. Kg2 Ke7 25. h4 Bf6 26. c4 Kd7 27. Rh1 b6 28. h5 Rg8 29. Rf1 Be5 $2
{[#]} (29... Be7 $16 {is a better defense.}) 30. Rf7+ $18 Kd6 31. h6 ({Weaker
is} 31. Rxh7 gxh5 32. Rb7 Bxg3 $16) 31... Ne7 (31... Rh8 {was worth a try.} 32.
Rb7 Nb4 33. Rxb6+ Kd7 34. Rb7+ Kd6) 32. Bg5 Nf5 33. g4 1-0

[Event "Aeroflot Open 2017"]
[Site "Moscow"]
[Date "2017.02.28"]
[Round "8"]
[White "Motylev, Alexander"]
[Black "Ghaem Maghami, Ehsan"]
[Result "1/2-1/2"]
[WhiteElo "2663"]
[BlackElo "2566"]
[Annotator "TA"]
[PlyCount "31"]
[EventDate "2017.??.??"]

1. e4 e5 2. Nf3 Nc6 3. Bb5 a6 4. Ba4 Nf6 5. O-O Nxe4 6. d4 b5 7. Bb3 d5 8. dxe5
Be6 9. Nbd2 Nc5 10. c3 d4 11. Bxe6 Nxe6 12. cxd4 Ncxd4 13. a4 Bb4 14. Nxd4 {
LiveBook: 5 Games} Qxd4 ({Of course not} 14... Nxd4 $6 15. axb5 a5 16. Nf3 $16)
15. axb5 O-O 16. Nf3 ({Don't play} 16. Rxa6 Rad8 17. Qc2 Bxd2 $17) 1/2-1/2

[Event "Aeroflot Open 2017"]
[Site "Moscow"]
[Date "2017.02.28"]
[Round "8"]
[White "Dubov, Daniil"]
[Black "Firouzja, Alireza"]
[Result "1/2-1/2"]
[WhiteElo "2661"]
[BlackElo "2465"]
[Annotator "TA"]
[PlyCount "248"]
[EventDate "2017.??.??"]

1. e4 c5 2. Nf3 d6 3. d4 cxd4 4. Nxd4 Nf6 5. Nc3 a6 6. g3 g6 7. Bg2 Bg7 8. O-O
O-O 9. b3 Bg4 10. Qd2 Nc6 11. Nxc6 bxc6 12. Bb2 {LiveBook: 3 Games} Qc8 13. Na4
Rb8 14. Rfe1 {White is better.} Rd8 15. c4 Bh3 16. Bh1 e5 17. c5 dxc5 18. Qc2
Nd7 19. Bf3 {White has compensation.} Qc7 20. Be2 a5 21. Bc1 Be6 22. Bg5 Re8
23. Rac1 Bf8 24. Red1 Rb4 25. Bd2 Rd4 26. Be3 Rxd1+ 27. Rxd1 Rd8 28. Bg5 Rb8
29. Bd2 Rd8 30. Rc1 Ra8 31. Kg2 Be7 32. Be3 Rd8 33. Bc4 ({Don't play} 33. Nxc5
Nxc5 34. Bxc5 Bxc5 35. Qxc5 Rd2 $11) 33... Bxc4 34. Qxc4 Nb6 35. Nxb6 Qxb6 36.
Bxc5 Bxc5 37. Qxc5 Qxc5 38. Rxc5 $16 {Endgame KR-KR} a4 $1 39. Rxc6 axb3 40.
axb3 Rd3 (40... Rb8 $142) 41. Rb6 Kg7 42. g4 h5 43. g5 Rd4 {[#]} 44. f3 $1 Rd2+
45. Kg3 Rb2 (45... h4+ $16 46. Kxh4 Rxh2+ 47. Kg3 Rh1) 46. h3 (46. Rb5 $18 {
and White stays clearly on top.}) 46... Rc2 47. Rb4 Rb2 48. Rb5 Kf8 49. Kh4 Rf2
{[#]} 50. Rb8+ $1 ({Much weaker is} 50. Rxe5 $6 Rxf3 51. b4 Re3 $11) 50... Kg7
51. Kg3 Rb2 52. h4 Rc2 53. Rb5 Rb2 54. b4 Kf8 55. Rxe5 (55. Rb8+ $18 Ke7 56. b5
) 55... Rxb4 56. Rd5 Rb1 57. Rd8+ Kg7 58. Rd3 Re1 59. Rd2 Kf8 60. Rd4 Kg7 61.
Kf2 Rh1 62. Kg2 Ra1 63. f4 ({Better is} 63. Rd7 $16) 63... Ra2+ $11 64. Kf3
Ra3+ 65. Kf2 Ra2+ 66. Ke3 Ra3+ $1 67. Rd3 Ra4 68. Rc3 Rb4 69. Kd3 Ra4 70. Rc7
Kg8 71. Rc4 Ra3+ 72. Rc3 Ra4 73. Rc7 Rb4 74. Rc4 Rb3+ 75. Rc3 Rb4 76. Ra3 Kh7
77. Ke3 Kg7 78. Kf3 Rc4 79. Re3 Rc1 80. Kg2 Rc5 81. Kg3 Ra5 82. Rd3 Ra4 83. Kf3
Rb4 84. Ke3 Ra4 85. Rd7 {Black should prevent f5.} Kg8 86. Rb7 Rc4 87. Ra7 Rb4
88. Kd3 Kf8 89. Rc7 Kg8 90. Re7 Kf8 91. Re5 Kg7 92. f5 gxf5 $1 93. Rxf5 Rb6 94.
Rf4 Ra6 95. e5 Ra1 96. Ke4 Rh1 97. Kf5 Re1 98. Rc4 Rh1 99. e6 {Hoping for e7.}
Rf1+ 100. Ke5 fxe6 $1 101. Rf4 (101. Kxe6 $14 Kg6 102. Ke5) 101... Re1+ 102.
Re4 Ra1 103. Kxe6 Kg6 104. Rf4 Ra6+ 105. Ke5 {Rf6+ would kill now.} Ra5+ 106.
Ke4 Ra4+ 107. Kf3 Ra3+ 108. Kg2 Ra6 109. Kg3 Rb6 110. Re4 Ra6 111. Kf4 Rb6 112.
Rd4 Ra6 113. Ke5 Ra5+ 114. Rd5 Ra4 115. Rd6+ Kg7 116. Rd4 Ra5+ 117. Rd5 Ra1
118. Rd7+ Kg6 119. Rd6+ Kg7 120. Rh6 ({White should play} 120. Rd2 $14) 120...
Ra5+ {The position is equal.} 121. Kf4 Ra4+ 122. Kg3 Ra3+ 123. Kf2 Ra4 124.
Rxh5 {And now Rh6 would win.} Ra6 1/2-1/2

[Event "Aeroflot Open 2017"]
[Site "Moscow"]
[Date "2017.02.28"]
[Round "8"]
[White "Najer, Evgeniy"]
[Black "Inarkiev, Ernesto"]
[Result "1-0"]
[WhiteElo "2659"]
[BlackElo "2723"]
[Annotator "TA"]
[PlyCount "70"]
[EventDate "2017.??.??"]

1. e4 e5 2. Nf3 Nc6 3. d4 exd4 4. Nxd4 Bc5 5. Be3 Qf6 6. c3 Nge7 7. Bb5 {
LiveBook: 8 Games} O-O 8. O-O Bb6 9. a4 {The position is equal.} a5 10. Nc2
Bxe3 11. Nxe3 ({But not} 11. fxe3 Qg6 $15) 11... d6 12. f4 Qh6 13. Nd2 f5 14.
exf5 Bxf5 15. Nxf5 Nxf5 16. Qf3 Nd8 ({Black should play} 16... g5) 17. Bd7 (17.
Rae1 $142 {Qd5+ is the strong threat.} Kh8 18. Bd7) 17... Rf7 (17... c6 $16 {
keeps fighting.}) 18. Rae1 $1 $18 Rxd7 19. Qd5+ $1 Kf8 {White must now prevent
... Qg6.} 20. Qxf5+ Rf7 21. Qb5 $1 c6 22. Qe2 Kg8 {[#]} 23. Nc4 $1 d5 24. Nb6
Ra6 25. Nc8 Rf8 26. Qe7 Qf6 {[#]} 27. Qd7 $1 c5 28. Re8 (28. Qxd5+ Qf7 29. Ne7+
Kh8 $18) 28... Ne6 (28... Re6 $142) 29. Ne7+ Kh8 30. Nxd5 Qg6 31. Rxf8+ ({Not} 
31. Qxb7 Rxe8 32. Qxa6 Nxf4 33. Qxg6 Nxg6 $16) 31... Nxf8 32. Qxb7 Qd3 $2 (
32... Qc6 33. Qf7 Ra8) 33. Qc8 {White is clearly winning.} Kg8 34. f5 Ra7 35.
f6 {Threatening mate with f7+!} Rf7 1-0

[Event "Aeroflot Open 2017"]
[Site "Moscow"]
[Date "2017.02.28"]
[Round "8"]
[White "Fedoseev, Vladimir"]
[Black "Matlakov, Maxim"]
[Result "1-0"]
[WhiteElo "2658"]
[BlackElo "2701"]
[Annotator "TA"]
[PlyCount "59"]
[EventDate "2017.??.??"]

1. d4 Nf6 2. Nf3 d5 3. c4 e6 4. Nc3 Bb4 5. Qb3 c5 6. dxc5 Na6 7. a3 Bxc3+ 8.
Qxc3 Nxc5 9. cxd5 Qxd5 10. Be3 Nce4 11. Qe5 Qxe5 12. Nxe5 Nd5 13. Bc1 {
LiveBook: 6 Games} Nc5 14. Rb1 f6 15. Nc4 {The position is equal.} e5 16. f3
Ke7 17. e4 Nf4 18. Be3 Ncd3+ 19. Bxd3 Nxd3+ 20. Ke2 Nf4+ 21. Bxf4 exf4 22. Na5
b6 23. Nc6+ Kd6 (23... Kf7 $11 {keeps the balance.}) 24. Rbc1 $36 {White is
really pushing.} Ba6+ 25. Kf2 Rhc8 26. Rhd1+ Ke6 {[#]} 27. g3 $1 fxg3+ 28. hxg3
({Resist} 28. Kxg3 $6 h5 $16) 28... g6 {[#]} 29. f4 $1 Bb7 $2 {[#]} (29... h5
30. Rd2 Kf7 31. Rd7+ Ke8) 30. f5+ $1 1-0

[Event "Aeroflot Open 2017"]
[Site "Moscow"]
[Date "2017.02.28"]
[Round "8"]
[White "Cordova, Emilio"]
[Black "Mamedov, Rauf"]
[Result "1/2-1/2"]
[WhiteElo "2655"]
[BlackElo "2688"]
[Annotator "TA"]
[PlyCount "44"]
[EventDate "2017.??.??"]

1. d4 d5 2. c4 c6 3. Nc3 Nf6 4. cxd5 cxd5 5. Bf4 Nc6 6. e3 Bf5 7. Rc1 Rc8 8.
Bd3 Bxd3 9. Qxd3 e6 10. Nf3 Bd6 11. O-O O-O 12. Bg3 Bxg3 {LiveBook: 4 Games}
13. hxg3 h6 14. Na4 Ne4 15. Nc5 Nd6 16. Nd2 Qe7 17. a3 b6 18. Na6 Nb8 19. Nxb8
{The position is equal.} Rxb8 20. Rc3 Rbc8 21. Rfc1 Rxc3 22. Rxc3 ({Don't play
} 22. bxc3 Rc8 23. Qb1 g6 $17) 22... Rc8 1/2-1/2

[Event "Aeroflot Open 2017"]
[Site "Moscow"]
[Date "2017.02.28"]
[Round "8"]
[White "Zhigalko, Sergei"]
[Black "Idani, Pouya"]
[Result "1/2-1/2"]
[WhiteElo "2652"]
[BlackElo "2563"]
[Annotator "TA"]
[PlyCount "59"]
[EventDate "2017.??.??"]

1. e4 e5 2. Nf3 Nf6 3. Nxe5 d6 4. Nf3 Nxe4 5. d4 d5 6. Bd3 Nc6 7. O-O Be7 8.
Nc3 Bf5 9. Re1 Nxc3 10. bxc3 Bxd3 11. Qxd3 O-O 12. Rb1 b6 13. c4 Re8 14. Bf4 {
LiveBook: 3 Games} Rc8 15. cxd5 Qxd5 16. c4 Qd7 17. d5 Bf6 18. h3 h6 19. Rbd1
Nb4 20. Rxe8+ Rxe8 21. Qb3 Na6 22. Qb5 Qc8 ({Black should try} 22... Qxb5 $11
23. cxb5 Re4) 23. a4 Re7 24. a5 Nc5 {The position is equal.} 25. Re1 Rxe1+ 26.
Nxe1 Nb7 27. axb6 axb6 28. Nf3 Be7 29. Qa6 Bd6 30. Bxd6 1/2-1/2